The eco-hamlet (Record no. 80384)

MARC details
000 -LEADER
fixed length control field 00696cab a22001935a 4500
001 - CONTROL NUMBER
control field L144203
008 - FIXED-LENGTH DATA ELEMENTS--GENERAL INFORMATION
fixed length control field 080703s2008 xxka e 000 0 eng d
035 ## - SYSTEM CONTROL NUMBER
System control number (Sirsi) u144203
041 0# - LANGUAGE CODE
Language code of text/sound track or separate title eng
100 1# - MAIN ENTRY--PERSONAL NAME
Personal name Gale, Jeffrey
245 04 - TITLE STATEMENT
Title The eco-hamlet
Remainder of title garden-centred planning
260 ## - PUBLICATION, DISTRIBUTION, ETC.
Date of publication, distribution, etc. 2008
490 ## - SERIES STATEMENT
Series statement Town & Country Planning
520 ## - SUMMARY, ETC.
Summary, etc. Article proposes the development of small sustainable communities centred around gardens and details problems with current developments that would be addressed by similar developments, in addition to other economic and social benefits.
590 ## - LOCAL NOTE (RLIN)
Local note KA
651 #4 - SUBJECT ADDED ENTRY--GEOGRAPHIC NAME
Geographic name United Kingdom
Chronological subdivision
690 ## - LOCAL SUBJECT ADDED ENTRY--TOPICAL TERM (OCLC, RLIN)
Topical term or geographic name as entry element Planning and development
9 (RLIN) 6259
942 ## - ADDED ENTRY ELEMENTS (KOHA)
Suppress in OPAC 0
Holdings
Withdrawn status Lost status Source of classification or shelving scheme Damaged status Not for loan Home library Current library Shelving location Date acquired Total Checkouts Full call number Barcode Date last seen Copy number Price effective from Koha item type
    Dewey Decimal Classification     London London Journal article 03/07/2008   L144203 144203-1001 06/08/2019 1 06/08/2019 Journal article